Name the Countries and Capitals of Oceania - Statistics

General Stats
  • This quiz has been taken 18 times
  • The average score is 24 of 28
Answers on the Map
Answers color-coded by a green-red scale on the quiz's map according to % correct below.
 
Answer Stats
group Answer % Correct
Country Australia
100%
Capital Canberra
100%
Country Nauru
100%
Country New Zealand
100%
Country Palau
100%
Country Papua New Guinea
100%
Country Samoa
100%
Country Tonga
100%
Country Vanuatu
100%
Country Fiji
92%
Country Kiribati
92%
Country Marshall Islands
92%
Country Micronesia
92%
Capital Port Moresby
92%
Country Solomon Islands
92%
Country Tuvalu
92%
Capital Wellington
92%
Capital Apia
83%
Capital Ngerulmud
83%
Capital Nuku’alofa
83%
Capital Port Vila
83%
Capital South Tarawa
75%
Capital Suva
75%
Capital Yaren
75%
Capital Honiara
67%
Capital Palikir
67%
Capital Funafuti
58%
Capital Majuro
58%
No matching quizzes found
Score Distribution
Percent of People with Each Score
Percentile by Number Answered
Your Score History
You have not taken this quiz